000 02481nam0a2200397 4500
001 RU\NLR\bibl\1671628
005 20260407134819.0
010 _a5-9559-0138-1
_9300
021 _aRU
_b2010-58433
_93826
035 _a(nilc)RSL-KNO-004712949
035 _a(NLR Aleph) 001662884
090 _a992824
_c992824
100 _a20100726d2006 |||y0rusy50 ca
101 0 _arus
102 _aRU
105 _aa zzzz|||||
200 1 _aОрганизация комплексного мониторинга колледжей Москвы
_f[Вершинин С. И. д.п.н., проф., Логинова Л.Г. д.п.н., Гоманкова Э.Р. к.социол.н., Чагин С.С.]
_gДепартамент образования г. Москвы, НИИ развития проф. образования
210 _aМосква
_cНОУ ИСОМ
_d2006
_eМосква
_gАПО
215 _a49 с.
_cил., табл.
_d21
300 _aАвт. указаны на обороте тит. л.
320 _aБиблиогр.: с. 37-38 (20 назв.)
606 1 _aСреднее профессиональное образование
_xМониторинг
_yМосква, город
_92604210
_3RU\NLR\auth\661540768
610 0 _aКультура. Наука. Просвещение -- Народное образование. Педагогические науки -- Среднее специальное образование. Педагогика среднего специального образования -- Среднее специальное образование -- Российская Федерация -- Москва, город -- Система среднего специального образования. Типы учебных заведений. Отдельные учебные заведения -- Техникумы. Колледжи
686 _aЧ474(2-2М)710,0
_2rubbk
686 _aЧ474(2-2М)к
701 1 _aВершинин
_bС. И.
_gСергей Иванович
_4070
701 1 _aЛогинова
_bЛ. Г.
_4070
701 1 _aГоманкова
_bЭ. Р.
_4070
701 1 _aЧагин
_bС. С.
_4070
712 0 2 _4570
_aНИИ развития профессионального образования
_cМосква
_3RU\NLR\AUTH\8810081351
_9664927
801 0 _aRU
_bРГБ
_c20100726
_grcr
801 1 _aRU
_bРГБ
_c20100726
801 2 _aRU
_bNLR
_c20100906
_grcr
942 _cBOOK
980 _aNB